Quiz on Conservation of Plants & Animals - Statistics

General Stats
  • This quiz has been taken 134 times
  • The average score is 7 of 10
Answer Stats
Question Answer % Correct
What is the clearing of a wide area of trees known as ? Deforestation
96%
State whether true or false : Endemic species are found only in a specific region True
85%
The living factors in an ecosystem are Plants, Animals and Micro - Organisms
84%
What is meant by extinction ? A species having no living members
78%
Red Data Book is the source book which keeps a record of All endangered plants and animals in a country
76%
Are afforestation and reforestation the same ? No
72%
Paper can generally be recycled ____________ times 5 to 7
60%
Which of these is not a protected area suited for environment of plants and animals ? Grassland
59%
Members of a species have common _________ Characteristics
56%
Bandhavgarh National Park is located in - Madhya Pradesh
38%
No matching quizzes found
Score Distribution
Percent of People with Each Score
Percentile by Number Answered
Your Score History
You have not taken this quiz